Tangerine / (Record no. 2602)

MARC details
000 -LEADER
fixed length control field 01151pam a2200337 a 4500
001 - CONTROL NUMBER
control field 2602
003 - CONTROL NUMBER IDENTIFIER
control field FISKH
005 - DATE AND TIME OF LATEST TRANSACTION
control field 20250303095044.0
008 - FIXED-LENGTH DATA ELEMENTS--GENERAL INFORMATION
fixed length control field 960805s1997 cau c 000 1 eng
010 ## - LIBRARY OF CONGRESS CONTROL NUMBER
LC control number 96034182
020 ## - INTERNATIONAL STANDARD BOOK NUMBER
International Standard Book Number 015201246X
020 ## - INTERNATIONAL STANDARD BOOK NUMBER
International Standard Book Number 9780439286039
040 ## - CATALOGING SOURCE
Original cataloging agency DLC
Transcribing agency DLC
Modifying agency DLC
Language of cataloging eng
042 ## - AUTHENTICATION CODE
Authentication code lcac
050 00 - LIBRARY OF CONGRESS CALL NUMBER
Classification number PZ7.B6236
Item number Tan 1997
082 00 - DEWEY DECIMAL CLASSIFICATION NUMBER
Classification number [Fic]
Edition number 20
100 1# - MAIN ENTRY--PERSONAL NAME
Personal name Bloor, Edward,
Dates associated with a name 1950-
245 10 - TITLE STATEMENT
Title Tangerine /
Statement of responsibility, etc. Edward Bloor.
250 ## - EDITION STATEMENT
Edition statement This edition first printing, March 2007
260 ## - PUBLICATION, DISTRIBUTION, ETC.
Place of publication, distribution, etc. Scholastic :
Name of publisher, distributor, etc. New York,
Date of publication, distribution, etc. 1997
300 ## - PHYSICAL DESCRIPTION
Extent 294 pages :
Dimensions 20 cm
520 ## - SUMMARY, ETC.
Summary, etc. Twelve-year-old Paul, who lives in the shadow of his football hero brother Erik, fights for the right to play soccer despite his near blindness and slowly begins to remember the incident that damaged his eyesight.
650 #1 - SUBJECT ADDED ENTRY--TOPICAL TERM
Topical term or geographic name entry element Soccer
General subdivision Fiction.
650 #1 - SUBJECT ADDED ENTRY--TOPICAL TERM
Topical term or geographic name entry element Brothers
General subdivision Fiction.
650 #1 - SUBJECT ADDED ENTRY--TOPICAL TERM
Topical term or geographic name entry element People with visual disabilities
Form subdivision Fiction.
650 #1 - SUBJECT ADDED ENTRY--TOPICAL TERM
Topical term or geographic name entry element People with disabilities
Form subdivision Fiction.
650 #1 - SUBJECT ADDED ENTRY--TOPICAL TERM
Topical term or geographic name entry element Diaries
General subdivision Fiction.
651 #1 - SUBJECT ADDED ENTRY--GEOGRAPHIC NAME
Geographic name Florida
General subdivision Fiction.
906 ## - LOCAL DATA ELEMENT F, LDF (RLIN)
a 7
b cbc
c orignew
d 1
e ocip
f 19
g y-gencatlg
942 ## - ADDED ENTRY ELEMENTS (KOHA)
Source of classification or shelving scheme Dewey Decimal Classification
Koha item type Books
Suppress in OPAC No
Holdings
Withdrawn status Lost status Source of classification or shelving scheme Damaged status Not for loan Collection Home library Current library Shelving location Date acquired Total Checkouts Full call number Barcode Date last seen Price effective from Koha item type Copy number
    Dewey Decimal Classification     Fiction Footprints International School Library Network Toul Kork Campus Footprints International School Library Network Toul Kork Campus   01/04/2024   BLO Fic PZ7.B6236 FISSE00672 01/04/2024 01/04/2024 Books  
    Dewey Decimal Classification     Juvenile Fiction Footprints International School Library Network Toul Kork Campus Footprints International School Library Network Toul Kork Campus TTP Primary Orange Bookshelves 03/03/2025   BLO Fic PZ7.B6236 2025-0709 03/03/2025 03/03/2025 Books 2